Automatizácia hodnotenia predmetu použitím aplikácie MS Access 2007 diplomová práca

Gespeichert in:
Bibliographische Detailangaben
1. Verfasser: Lipková, Miroslava
Körperschaft: Fakulta hospodárskej informatiky EU. Katedra aplikovanej informatiky
Weitere Verfasser: Brixová, Janette
Format: Buch
Sprache:Slowakisch
Veröffentlicht: Bratislava 2012
Tags: Tag hinzufügen
Keine Tags, Fügen Sie das erste Tag hinzu!

MARC

LEADER 00000nbm a2200000 4500
001 0155021
005 20161109102200.9
041 0 |a slo 
044 |a SK 
245 1 0 |a Automatizácia hodnotenia predmetu použitím aplikácie MS Access 2007  |b diplomová práca  |c Miroslava Lipková ; školiteľ: Janette Brixová 
264 1 |a Bratislava  |c 2012 
300 |a 66 s. 
100 1 |a Lipková, Miroslava 
700 1 |a Brixová, Janette 
710 2 |a Fakulta hospodárskej informatiky EU. Katedra aplikovanej informatiky